00480 2200181 4500001002100000005001500021008004100036020002200077035001900099041000700118082001300125090001900138100001900157245003600176260004000212300003200252650001400284INLIS00000000000231620241224112520241224||||||||| | ||| |||| || |  a978-602-9018-36-3 0010-1224002316 aid0 a610.7301 a610.7301 DED b0 aDeden Dermawan00aBuku Ajar Keperawatan Komunitas aYogyakartabGosyen Publishingc2012 axii, 318 hlm.; ilus.: 23 cm 0akesehatan